Statistics for What does it say?

Click here to take the quiz!

General Stats

  • This quiz has been taken 14 times
  • The average score is 5 of 13

Answer Stats

HintAnswer% Correct
Cna ouy rade ttis?Can you read this
100%
Msot pople cna.Most people can
100%
Bcusase fo tha phmoneel pwerr fo hte hooaman mand, pple cana raed tihs.Because of the phenomenal power of the human mind people can read this
54%
Alright thats enough. (just say ok as the answer)ok
54%
Berut uyooye carantt ruded thhuess!Bet you can't read this!
46%
His isdi ard moedeThis is hard mode
46%
ands onoow ven hrder!And now even harder!
38%
Onw si ging ot egt hudaerNow is going to get harder
38%
NSD ONNEWE IOSIAPUL MIED!!AND NOW IMPOSSIBLE MODE!!
8%
beerrt yoryti candt readrdx dsf snsowdS CABNS YDOEYDF ?Bet you can't read this now?
8%
Brfxxccxxmnpcccclllmmnprxvclmnckssqlbb11116Albin
0%
ND NO INSNasbnbfe$ PSODNOTBELAND NOW INSANE IMPOSSIBLE!
0%
heh vous ne pouvez pas lire ceci maintenant !haha you cant read this now!
0%

Score Distribution

Percentile by Number Answered

Percent of People with Each Score

Your Score History

You have not taken this quiz